000
00245nam a22001217a 4500
020
_a
978671472526X
041
_a
eng
080
_a
30
090
_b
RAP
100
_a
Rapport, Samuel and Helen Wright.
245
_a
Anthropology.
999
_c
280066
_d
280066
942
_c
BK